banner-ar

PICASSO / (Record no. 66531)

MARC details
000 -الفاتح
حقل البيانات ثابتة الطول 00547nam a2200217Ia 4500
005 - وقت وتاريخ اخر تعامل مع التسجيلة
رقم الضبط 20240530110924.0
008 - عناصر البيانات ثابتة الطول - معلومات عامة
حقل البيانات ثابتة الطول 140319s1988 fr f f 000 0 eng d
040 ## - مصدر الفهرسة
وكالة الفهرسة الأصلية GCL /
وكالة النسخ GCL
082 04 - رقم تصنيف ديوى العشرى
رقم التصنيف 759
رقم المادة B P
100 1# - المدخل الرئيسى - إسم شخصى
الإسم الشخصى Boone, Daniele
245 10 - بيان العنوان
العنوان PICASSO /
بيان المسئوليه,etc Daniele Boone
260 ## - PUBLICATION, DISTRIBUTION, ETC. (IMPRINT)
تاريخ النشر أو التوزيع 1988.
300 ## - الوصف المادى
التعداد 138 p. :
تفاصيل ماديه اخرى للوعاء ill ;
أبعاد الوعاء 30 cm.
600 04 - المدخل الاضافى بالموضوع-اسم شخصى
الإسم الشخصى PICASSO, PABLO, 1881 - 1973
650 04 - المدخل الاضافى بالموضوع-مصطلح موضوعى
مصطلح موضوعي ARTS
650 04 - المدخل الاضافى بالموضوع-مصطلح موضوعى
مصطلح موضوعي HISTORY AND CRITICISM
650 04 - المدخل الاضافى بالموضوع-مصطلح موضوعى
مصطلح موضوعي PAINTING
650 04 - المدخل الاضافى بالموضوع-مصطلح موضوعى
مصطلح موضوعي PAINTERS
942 ## - عناصر المدخل الإضافي( كوها)
مصدر التصنيف او مخطط الترفيف Dewey Decimal Classification
Koha [default] item type كتاب
260 ## - PUBLICATION, DISTRIBUTION, ETC. (IMPRINT)
-- Paris :
-- Fernand Hazan ،
Holdings
حالة التراجع حالة الفقد مصدر التصنيف او خطة الترفيف حالة تلف ليس للاعارة المكان المؤقت الموقع الحالى موقع الترفيف تاريخ الاكتساب اجمالي اﻻعارات رقم الطلب الباركود تاريخ اخر مشاهدة تاريخ تفعيل السعر نوع وعاء كوها
    ddc     مكتبة القاهرة الكبرى مكتبة القاهرة الكبرى   06/23/2022   759/ B P 168100 06/23/2022 06/23/2022 كتاب

Powered By

EGPV